Countries with Most Fortune 500 HQs Quiz Stats

 Plays Quiz Updated Feb 15, 2019

     
Support Sporcle.
Go Orange.
Score 0/19 Timer 03:00
3 Plays Today
# of Headquarters Country % Correct
139United States
99.7%
46China
98.4%
37Germany
97.2%
39France
97%
29United Kingdom
96.6%
71Japan
96.2%
11Canada
93.7%
6Russia
93.3%
11Italy
92.3%
10Spain
92.2%
# of Headquarters Country % Correct
7Brazil
90.9%
8India
87.2%
8Australia
86.9%
5Sweden
81%
15Switzerland
75%
10South Korea
74.9%
13Netherlands
70%
5Belgium
62.8%
8Taiwan
43.6%

From the Vault

-stan Consonants

by Flick

Geography 30s
Stan Lee, what are you doing here? This is a geography quiz!
Remove Ads.
Support Sporcle.
Get the best of Sporcle when you Go Orange. This ad-free experience offers more features, more stats, and more fun while also helping to support Sporcle. Thank you for becoming a member.

Show Comments

Extras

Top Quizzes Today


Score Distribution

Your Account Isn't Verified!

In order to create a playlist on Sporcle, you need to verify the email address you used during registration. Go to your Sporcle Settings to finish the process.

Report this User

Report this user for behavior that violates our Community Guidelines.

Details: